000
00304nam a2200133Ia 4500
008
231129s1991||||xx |||||||||||||| ||spa||
040
_b
spa
082
_a
Co864.4 V293pe
100
_a
Varela Héctor Fabio
245
0
_a
Perfiles Vallecaucanos
260
_c
1991
264
_a
Kelly
942
_2
ddc
_c
BKS
999
_c
22686
_d
22686